Определение электрических макропараметров высокочастотного факельного разряда; Современные техника и технологии; Т. 2

Podrobná bibliografie
Parent link:Современные техника и технологии: 12-я международная научно-практическая конференция студентов, аспирантов и молодых ученых, г. Томск, 27 марта - 31 марта 2006 г./ Томский политехнический университет.— , 2006
Т. 2.— 2006.— С. 239-241
Hlavní autor: Золотарь Д. Ю.
Další autoři: Луценко Ю. Ю. Юрий Юрьевич
Jazyk:ruština
Vydáno: 2006
Témata:
Médium: MixedMaterials Kapitola
KOHA link:https://koha.lib.tpu.ru/cgi-bin/koha/opac-detail.pl?biblionumber=115077

MARC

LEADER 00000naa2a2200000 4500
001 115077
005 20240118094740.0
035 |a (RuTPU)RU\TPU\book\124456 
090 |a 115077 
100 |a 20070503d2006 k y0rusy50 ca 
101 0 |a rus 
102 |a RU 
200 1 |a Определение электрических макропараметров высокочастотного факельного разряда  |f Д. Ю. Золотарь, Ю. Ю. Луценко 
320 |a Библиогр.: 2 назв. 
461 1 |0 (RuTPU)RU\TPU\book\111998  |t Современные техника и технологии  |o 12-я международная научно-практическая конференция студентов, аспирантов и молодых ученых, г. Томск, 27 марта - 31 марта 2006 г.  |o труды в 2 т.  |f Томский политехнический университет  |d 2006 
463 0 |0 (RuTPU)RU\TPU\book\114157  |t Т. 2  |v С. 239-241  |d 2006  |p 518 с. 
610 1 |a факельные разряды 
610 1 |a высокочастотные разряды 
610 1 |a макропараметры 
610 1 |a электрические макропараметры 
610 1 |a горение 
610 1 |a электромагнитная энергия 
610 1 |a генераторы 
610 1 |a труды учёных ТПУ 
700 1 |a Золотарь  |b Д. Ю. 
701 1 |a Луценко  |b Ю. Ю.  |c физик  |c доцент Томского политехнического университета, доктор физико-математических наук  |f 1962-  |g Юрий Юрьевич  |3 (RuTPU)RU\TPU\pers\26568  |9 12257 
801 1 |a RU  |b 63413507  |c 20070503  |g PSBO 
801 2 |a RU  |b 63413507  |c 20151029  |g RCR 
942 |c BK